Spôsoby uplatňovania spotrebovaných pohonných látok v daňových výdavkoch

Uplatňovanie preukázateľne vynaložených výdavkov na spotrebované pohonné látky do daňových výdavkov, pri ktorom si daňovník sám môže vybrať jeden z troch zákonom stanovených spôsobov, ktorým bude pri jednotlivých vozidlách postupovať. Prepočítané spotrebované pohonné látky, spotrebované pohonné látk...

Full description

Saved in:
Bibliographic Details
Main Author: Petrovická, Iveta
Format: Book Chapter
Language:Slovak
Subjects:
Tags: Add Tag
No Tags, Be the first to tag this record!

MARC

LEADER 00000naa a2200000 4500
001 0297498
005 20240417075256.4
041 0 |a slo 
044 |a SK 
245 1 0 |a Spôsoby uplatňovania spotrebovaných pohonných látok v daňových výdavkoch  |c Iveta Petrovická 
520 |a Uplatňovanie preukázateľne vynaložených výdavkov na spotrebované pohonné látky do daňových výdavkov, pri ktorom si daňovník sám môže vybrať jeden z troch zákonom stanovených spôsobov, ktorým bude pri jednotlivých vozidlách postupovať. Prepočítané spotrebované pohonné látky, spotrebované pohonné látky z údajov satelitného systému a paušálne výdavky na spotrebované pohonné látky. Spotreba pohonných látok pri elektromobiloch. Pohonné látky z hľadiska podvojného a jednoduchého účtovníctva. 
610 2 0 |a účtovníctvo daňové 
610 2 0 |a dane z príjmov 
610 2 0 |a výdavky daňové 
610 2 0 |a hmoty pohonné 
610 2 0 |a vozidlá motorové 
610 2 0 |a automobily 
610 2 0 |a elektromobily 
610 2 0 |a daňovníci 
100 1 |a Petrovická, Iveta